000 00270nam a22001217a 4500
008 180302b xxu||||| |||| 00| 0 eng d
041 _aeng
080 _a32
100 _a16
101 _apol
245 _apolitical science feminisms
_cwilliam,g,w
942 _2udc
_cBK
999 _c43992
_d43992